[Event "USA-ch"]
[Site "Seattle"]
[Date "2003.01.10"]
[Round "2"]
[White "Lapshun, Yury"]
[Black "Goldin, Alexander"]
[Result "1-0"]
[WhiteElo "2419"]
[BlackElo "2621"]
[Annotator "Ribli,Z"]
[PlyCount "175"]
[EventDate "2003.01.09"]
[EventType "swiss"]
[EventRounds "9"]
[EventCountry "USA"]
[SourceTitle "CBM 093"]
[Source "ChessBase"]
[SourceDate "2003.04.01"]
[SourceVersion "1"]
[SourceVersionDate "2003.04.01"]
[SourceQuality "1"]

1. c4 e5 2. g3 Nf6 3. Bg2 d5 4. cxd5 Nxd5 5. Nc3 Nb6 6. Nf3 Nc6 7. O-O Be7 8.
a3 O-O 9. b4 Be6 {Das ist die klassische Fortsetzung - heutzutage ist die
Variante 9...Re8 mit der Idee 10...Bf8 populärer.} 10. Rb1 f6 11. d3 Nd4 (11...
a5 12. b5 Nd4 13. Nd2 Bd5 (13... Nd5 $4 {Das wäre ein gut bekannter
theoretischer Fehler.} 14. Bxd5 Bxd5 15. e3 $18)) 12. Nd2 {Weiß verfolgt die
gewöhnliche Strategie - er vermeidet den Springertausch und im Folgenden kann
er den Nd4 mit e3 verjagen.} (12. Bb2 Nxf3+ 13. Bxf3 c6 $11) 12... c6 13. Nde4
Bg4 (13... Rf7 14. e3 (14. Bd2 Nd5 15. e3 Nxc3 16. Bxc3 Nb5 17. Bb2 Bf8 18. Qc2
a5 19. a4 Nc7 20. bxa5 Nd5 21. d4 exd4 22. Bxd4 Qxa5 23. Bc5 Bf5 24. Bxf8 Kxf8
25. Ra1 Re7 26. Qc4 Qb4 {0-1 Hjartarson,J-Bareev,E/Novi Sad 1990/TD (50)})
14... Nb5 15. Nxb5 cxb5 16. Bb2 Na4 17. Ba1 Rc8 18. d4 f5 19. Nc5 Nxc5 20. bxc5
Bc4 21. Bxb7 Rb8 22. Bg2 Bxf1 23. Bxf1 $44 {1/2-1/2 Bareev,E-Ponomariov,R/
Moscow 2002/CBM 91 (40)}) (13... Qd7 14. Re1 Rad8 15. Bd2 Nd5 16. Nc5 Bxc5 17.
bxc5 Nxc3 18. Bxc3 Qf7 19. Bxd4 Rxd4 20. Qc2 Rfd8 21. Rb2 h5 22. Reb1 Bc8 {
1/2-1/2 Georgiev,K-Goldin,A/Niksic 1996/EXT 2000 (44)}) 14. f3 $5 $146 {
[%mdl 4] Ein sonderbarer Zug: Bei Läuferstellung auf g2 spielt Weiß 14.f3,
wonach der Läufer vorübergehend eingeschlossen wird. Aber Weiß hat andere
Ideen, er möchte mit e2-e3 den Springer von d4 verjagen und später f3-f4
ziehen.} (14. Be3 Nd7 15. Qd2 Kh8 16. h3 Bh5 17. f4 f5 18. Ng5 h6 19. Nf3 Nxf3+
20. Bxf3 Qe8 21. Bg2 exf4 22. Bxf4 Bf6 23. e4 {1-0 Georgiev,K-Kharlov,A/Niksic
1996/EXT 2000 (37)}) (14. h3 Bh5 15. g4 Bf7 16. e3 Ne6 17. Qc2 Qd7 18. Rd1 Nd5
$13) 14... Bc8 (14... Bh5 15. Nc5 Qc8 16. e3 Ne6 17. N3e4 $14) 15. e3 Ne6 16.
f4 {[%cal Gf4f5] Nach diesem Zug ist die Diagonale des g2-Läufers ist wieder
geöffnet und Weiß möchte mit 17.f5 Raum am Königsflügel gewinnen. Weiß hat das
bessere Figurenspiel und seine Bauernmasse ist stark im Zentrum, aber Schwarz
hat auch seine Chancen.} f5 (16... exf4 17. gxf4 f5 18. Ng3 $14 (18. Nf2 $13 {
Das ist mit Zugumstellung unsere Partiefortsetzung.})) 17. Nf2 exf4 18. gxf4 {
Natürlich muss Weiß so zurücknehmen, 18.exf4? wäre positionell ganz schlecht
wegen der Schwäche von d4.} Nc7 $1 $13 {[%cal Gc7d5,Gb6d5] Schwarz räumt das
Feld - e6 für den Läufer und eventuell kann er Nbd5 oder Ncd5 spielen.} (18...
Bf6 19. Bb2 $14) 19. Ne2 {[%cal Ge2d4,Gd4f3] Weiß bereitet das Springermanöver
Nd4-Nf3 vor und möchte seine Zentrumsbauern mobilisieren.} (19. Bb2 $13) 19...
Be6 20. Nd4 Bd5 21. Nf3 {[%cal Ge3e4] Natürlich tauscht Weiß nicht seine
Schlüsselfigur, den Bg2. Im Folgenden muss Schwarz immer mit e3-e4 rechnen.} (
21. e4 $6 Ba2 22. Rb2 Qxd4 23. Rxa2 Qd6 $15 {[%csl Yd4][%cal Gc7e6,Ge6d4]})
21... Bf6 {[%csl Gd5,Gf6][%cal Gf6a1,Gd5a2] Droht 22...Ba2, so dass Schwarz
die sofortige Ausführung des Zugs e3-e4 verhindert.} 22. Qc2 (22. e4 $2 fxe4
23. dxe4 Ba2 $19) (22. Bb2 Bxb2 23. Rxb2 Nb5 $15) 22... Qe8 23. e4 Be6 (23...
fxe4 24. dxe4 Bc4 25. Re1 $14) 24. a4 {[%csl Ge6,Gf6] Weiß mobilisiert seine
Reserven am Damenflügel. Aber das schwarze Läuferpaar ist stark.} Qf7 $1 {
[%cal Re6a2,Ra2b1] Die schwarze Drohung ist 25...Ba2 mit Qualitaetsgewinn.} 25.
b5 cxb5 $6 {Nach diesem natürlichen Zug erhält Weiß gefährliche Initiative.} (
25... Ba2 $1 26. Rb4 c5 $1 27. Qxc5 (27. Ng5 Bxg5 28. Rb2 Bf6 29. Rxa2 Bd4 $15)
27... Be7 28. Qxc7 Bxb4 29. Qxf7+ Bxf7 30. Ne5 $44) 26. a5 $1 (26. axb5 $6 Rac8
$15 {[%cal Gc8c2]}) 26... Na4 27. e5 Bd8 28. Ba3 $36 {Die weißen Züge kommen
mit Tempo. Er hat aktives Spiel.} Re8 29. Nd4 $44 Bd5 30. Nd1 {[%cal Gd1e3,
Ge3d5]} Bxg2 (30... a6 31. Ne3 Bxg2 32. Qxg2 $16 {[%csl Rf5]}) 31. Qxg2 Qd7 32.
Bd6 {[%csl Gd6][%cal Rg2b7] Weiß hat eine ausgezeichnete Figurenkoordination,
während die schwarzen Figuren total passiv stehen.} Be7 (32... Rb8 33. Qa2+ Qf7
34. Qxf7+ Kxf7 35. Nxb5 $18 {[%cal Gd6b8]}) 33. Qa2+ Kh8 34. Qf7 $1 {[%csl Rf5,
Gf7][%cal Gf7d7] Mit diesem Zug fesselt Weiß den schwarzen Läufer und bedroht
gleichzeitig den Pf5.} Rad8 35. Nxf5 Bxd6 36. Nxd6 (36. Qxd7 Rxd7 37. Nxd6 $16)
36... Qg4+ (36... Re7 $5 37. Qf5 Qxf5 38. Nxf5 Red7 39. Nd6 $14) 37. Kh1 Rd7
38. Qa2 (38. Ne3 $1 Qh3 (38... Rxf7 $2 39. Nxf7+ Kg8 40. Nxg4 Kxf7 41. Rfc1 $18
) 39. Qf5 Qxf5 40. Nexf5 $16) 38... Rf8 39. Ne3 Qh3 40. Rbe1 {Weiß hat gutes
Figurenspiel. Seine Bauern sind immer potenziell stark im Zentrum.} Nc5 (40...
Ne8 $5) 41. Qc2 N5e6 42. f5 $16 {[%csl Ge5,Gf5] Der Vormarsch des f-Bauern ist
sehr unangenehm für Schwarz.} Nd4 43. Qf2 (43. Qc5 $6 Nf3 44. Re2 b6 $132)
43... Nc6 44. Qf4 Re7 {[%cal Gc7e6,Ge6f4,Gf8f1]} (44... Nxa5 45. e6 Re7 46. Qe4
$16) 45. f6 $1 (45. d4 Ne6 46. fxe6 $5 Rxf4 47. Rxf4 g6 48. d5 Nxe5 49. Nf7+
Rxf7 50. exf7 Nd7 51. f8=Q+ Nxf8 52. Rxf8+ Kg7 53. Re8 $16) 45... gxf6 46. exf6
Rd7 (46... Re5 47. Rg1 $16) 47. f7 {[%csl Gf7]} Qe6 48. Nef5 (48. Nec4 $5 Qd5+
49. Re4 Ne6 50. Qf6+ Ng7 51. Kg1 $1 (51. Rg1 Rdxf7 52. Nxf7+ Rxf7 53. Qd6 $16)
51... bxc4 52. Re8 $18) 48... Qd5+ 49. Re4 Nd4 $6 (49... Rfxf7 50. Nxf7+ Rxf7
51. Qg4 Ne7 52. Qg2 Rxf5 53. Rxf5 Qxf5 54. Rxe7 $18) 50. Qh6 $2 {Statt dieser
Fortsetzung konnte Weiß sofort gewinnen.} (50. Ne7 $3 Qxd6 51. Rg1 $18 {
[%cal Rg1g8,Rg8h8]}) 50... Rdxf7 51. Nxf7+ Rxf7 52. Ne3 Rxf1+ 53. Nxf1 Qf7 54.
Qf4 (54. Ng3 Nce6 55. Qe3 $16) 54... Qxf4 55. Rxf4 {[%mdl 4096] In diesem
Endspiel hat Weiß die Qualität mehr, Schwarz hat nur einen Bauern. Aber die
Verwertung des Materialvorteils ist gar nicht leicht wegen des reduzierten
Materials.} Nce6 (55... Nde6 56. Rf7 Kg8 57. Rd7 b4 58. d4 $16) 56. Rf7 {
[%csl Gf7][%cal Gf7a7,Gf7h7] Der Turm paralysiert die schwarze Stellung auf
der 7. Reihe.} Nc5 57. Ne3 {Endlich kommt der weiße Springer ins Spiel.} Kg8 (
57... b4 $2 58. Nd5 b3 59. Nf6 $18 {[%cal Rf7h7,Rh7h8]}) 58. Rc7 Nde6 59. Re7
b4 (59... h5 60. Nd5 $16) 60. Nc4 b3 61. Nb2 h5 62. d4 (62. Kg1 Kf8 63. Rh7 Nf4
64. d4 (64. Kf2 Nfxd3+ 65. Nxd3 Nxd3+ 66. Ke3 Nc5 67. Kd2 $16) 64... Ne2+ 65.
Kf2 Nxd4 66. Rxh5 $16) 62... Nxd4 63. Re5 {[%cal Re5c5,Re5h5]} b6 (63... Nde6
64. Rxh5 $16) 64. Rxh5 Kg7 (64... Nde6 65. axb6 axb6 66. Kg1 $16) 65. Kg2 Kg6
66. Rd5 Nde6 67. Rd1 bxa5 68. Ra1 Nf4+ (68... a4 69. Nxa4 $16) 69. Kf3 Nfd3 70.
Rxa5 Nxb2 71. Rxc5 Nd3 (71... Na4 72. Rb5 b2 73. Kg4 $16 (73. Ke3 $4 Nc3 $19))
72. Rb5 b2 73. Ke3 Ne5 74. Ke4 Nc4 75. Kd4 Nd6 76. Rxb2 $18 {[%csl Gh2] Wegen
des h-Freibauern gewinnt Weiß leicht.} Kg5 77. Kd5 Nf5 78. Ke5 Nh4 79. Rb3 Ng6+
80. Ke4 Nh4 81. Rg3+ Kh5 (81... Kf6 82. Ra3 $18) 82. Kf4 Ng6+ 83. Kf5 Ne7+ (
83... Nh4+ 84. Kf6 $18) 84. Kf6 Nc6 (84... Nd5+ 85. Ke5 Ne7 86. Rg7 $18) 85.
Rg5+ Kh4 86. Rc5 {Jetzt ist der Ph2 ist nicht mehr wichtig - Weiß spielt gegen
den Springer. Schwarz kann den Springerverlust nicht mehr vermeiden.} Nb8 (
86... Nd4 87. Rc4 $18 {[%cal Rc4h4]}) 87. Ke7 a5 (87... Na6 88. Rc4+ Kh3 89.
Kd7 Kxh2 90. Kc8 $18 {[%csl Ra6][%cal Rc8b7,Rb7a6]}) 88. Kd6 (88. Kd6 Na6 89.
Rxa5 Nb4 90. Ra4 $18 {[%cal Ra4h4]}) 1-0

[Event "GER-ch 74th"]
[Site "Saarbruecken"]
[Date "2002.11.26"]
[Round "5"]
[White "Slobodjan, Roman"]
[Black "Gustafsson, Jan"]
[Result "0-1"]
[WhiteElo "2521"]
[BlackElo "2554"]
[Annotator "Ribli,Z"]
[PlyCount "52"]
[EventDate "2002.11.22"]
[EventType "swiss"]
[EventRounds "9"]
[EventCountry "GER"]
[SourceTitle "CBM 093"]
[Source "ChessBase"]
[SourceDate "2003.04.01"]
[SourceVersion "1"]
[SourceVersionDate "2003.04.01"]
[SourceQuality "1"]

1. c4 Nf6 2. Nc3 e5 3. Nf3 Nc6 4. g3 Nd4 {Dieser Springerzug wird heutzutage
selten gespielt. Die Alternativen sind - 4...Bc5, 4...Bb4 und hauptsaechtlich
4...d5.} 5. Ng1 $6 {Dieser Zug gefällt mir nicht - Weiß möchte den
Springertausch vermeiden, aber der Textzug ist passiv.} (5. Nh4 $6 d5 $5 (5...
c6 6. e3 Ne6 7. Bg2 g6 8. d4 exd4 9. exd4 d5 10. cxd5 cxd5 11. O-O Bg7 12. Be3
O-O 13. Qb3 Qa5 14. Rfd1 Rd8 15. h3 Bd7 16. Nf3 Bc6 17. Ne5 Qb6 18. Qxb6 axb6
19. a3 Ne4 20. Nxc6 {1/2-1/2 Huzman,A-Svidler,P/Haifa 2000/CBM 74 ext (20)}) 6.
cxd5 Nxd5 7. Bg2 (7. e3 Nc6 8. a3 Be7 9. Bg2 Nxc3 10. bxc3 Bxh4 11. gxh4 Qxh4
12. Rb1 O-O 13. Qf3 Qc4 14. Qe4 Qxe4 15. Bxe4 Nd8 {1/2-1/2 Pavlovic,
M-Estremera Panos,S/St Vincent 2002/CBM 86 ext (45)}) 7... Be6 $11) (5. Bg2 $5
{Weiß sollte diesen natürlichen Läuferzug spielen.}) 5... d5 6. e3 (6. cxd5
Nxd5 7. Bg2 Be6 $11) 6... Nc6 7. cxd5 Nxd5 {[%csl Yd3,Yf3][%cal Gd5b4,Gb4d3]
Jetzt wir können sehen, dass die Zuege 4.g3 und 6.e3 nicht gut zusammenpassen.
Die weißen Felder sind plötzlich schwach in der weißen Stellung.} 8. d3 (8. a3)
8... Be7 {Wir haben eigentlich eine Stellung, die typisch für die Paulsen
Variante der Sizilianischen Verteidigung ist, aber mit umgekehrten Farben.
Dafür hat Weiß das "Extratempo" g3, was vorteilhaft für Schwarz ist!} 9. Nf3
O-O {Mit einfachen Zügen hat Schwarz eine gesunde Stellung aufgebaut.} 10. Bd2
(10. Bg2 Ndb4 11. Ke2 (11. d4 exd4 12. exd4 Nxd4 $1 $17) 11... Be6 12. Ne1 Qd7
13. a3 Nd5 14. Qc2 Rad8 {[%cal Gd8d2]} 15. Bd2 Kh8 (15... f5 $15) 16. Nxd5 (16.
Rd1 f5 $15) 16... Bxd5 17. Bxd5 Qxd5 18. Nf3 f5 19. Qc4 (19. Bc3 e4 20. Ne1 Rd7
$15) 19... Qd7 20. Rhd1 b5 $1 21. Qc2 f4 $40 {0-1 Kortschnoj,V-Svidler,P/
Zuerich 2001/CBM 83/[Ribli] (27)}) (10. a3 $15) (10. Be2 Bh3 $15) 10... Ndb4
11. Qb1 Bf5 12. Ne4 (12. e4 $2 Bg4 $19) 12... Bg4 $1 $15 {Schwarz greift den
f3-Springer an. Weiß hat nichts Besseres - er muss mit dem Springer wieder
nach g1 gehen.} 13. Ng1 {Es gibt keine Alternative für Weiß, weil er sonst
sofort Material verliert.} (13. Be2 Bxf3 (13... Nxd3+ $19) 14. Bxf3 f5 $19)
13... f5 14. Nc3 f4 $1 {[%mdl 128] Natürlich öffnet Schwarz die Stellung so
schnell wie möglich. Er hat großen Entwicklungsvorteil.} 15. a3 fxe3 16. fxe3 (
16. Bxe3 Nd5 17. Bg2 Nxe3 18. fxe3 Bg5) 16... Nd5 17. Bg2 Nb6 18. Ne4 $2 (18.
Nh3 $1 {[%cal Gh3f2]} Qd7 19. Nf2 Bf3 $15) 18... Qd7 $1 $17 {Nach diesem Zug
kann Weiß nicht mehr Nh3 spielen.} 19. h3 Bh5 20. g4 Bh4+ 21. Kd1 Bg6 {[%csl
Rd1]} 22. Qc2 $2 (22. Nc5 Qe7 23. b4 (23. Nxb7 Rf2 24. Bxc6 Rf1+ 25. Ke2 Rxb1
26. Rxb1 Qf7 $19) 23... Rf2) 22... Bxe4 $1 (22... Rad8 $17) 23. dxe4 (23. Bxe4
Rf1+ $19) 23... Rf2 $19 {[%csl Gf2][%cal Gd7d1,Gf2c2,Gf2g2][%mdl 2048]} 24. Nf3
Be7 25. Rh2 (25. Rg1 Rf8) 25... Rf8 26. Ke1 (26. Ne1 Na5 $19 {Schwarz hat
viele Drohungen - 27...Nac4 und 27...Rxd2+.}) 26... R8xf3 0-1

[Event "Madrid"]
[Site "Madrid"]
[Date "1993.??.??"]
[Round "4"]
[White "Lautier, Joel"]
[Black "Salov, Valery"]
[Result "0-1"]
[WhiteElo "2645"]
[BlackElo "2660"]
[Annotator "Ribli,Z"]
[PlyCount "188"]
[EventDate "1993.06.??"]
[EventType "tourn"]
[EventRounds "9"]
[EventCountry "ESP"]
[EventCategory "14"]
[SourceTitle "CBM 036"]
[Source "ChessBase"]
[SourceDate "1993.10.01"]
[SourceVersion "1"]
[SourceVersionDate "1993.10.01"]
[SourceQuality "1"]

1. c4 Nf6 2. Nc3 e5 3. Nf3 Nc6 4. g3 Nd4 5. Bg2 Nxf3+ 6. Bxf3 Bb4 7. O-O (7. d4
$5 {Kamsky,G-Campora,D/Buenos Aires/1993/CBM35/}) 7... O-O 8. Bg2 Re8 $1 (8...
d6 $6 {Azmayparashvili,Z-Kindermann,S/Dortmund/1990/CBM18/49,43/}) 9. d3 c6 10.
Qb3 Bc5 11. h3 (11. Bg5 h6 12. Bxf6 Qxf6 13. Ne4 Qe7 14. Nxc5 Qxc5 $10) 11...
h6 12. Kh2 Bb6 13. Na4 Bc7 14. e4 Rb8 15. Nc3 a6 16. a4 d6 17. Be3 b5 $10 18.
axb5 axb5 19. cxb5 cxb5 20. Ra7 Be6 21. Qb4 Bb6 22. Ra6 Bc5 23. Bxc5 dxc5 24.
Qxc5 Qxd3 25. Re1 (25. Rd1 $6 Qc2) 25... Nd7 26. Qd6 Qxd6 27. Rxd6 Nb6 28. Bf1
(28. Nxb5 $2 Nc4 $19) 28... Nc4 29. Rc6 Nd2 30. Bg2 Bc4 31. Ra1 (31. Rd1 Red8
$15) 31... Rec8 32. Rxc8+ Rxc8 33. Ra7 Nb3 34. Nd5 Rd8 35. Rc7 Nd4 36. Re7 Nc6
37. Rc7 Nd4 38. Re7 Ne6 39. b4 Kf8 40. Rb7 Nd4 41. Nb6 Be6 42. f4 exf4 43. gxf4
f5 44. Rc7 Rd6 45. Rb7 fxe4 46. Bxe4 Nf5 47. Nd5 Bxd5 48. Rb8+ Ke7 49. Bxf5 Bc6
50. Rc8 Rd2+ 51. Kg3 (51. Kg1 $5 Be8 $15) 51... Rg2+ 52. Kh4 Be8 53. Bg4 g6 54.
Rc5 Kf6 55. Rd5 Rb2 $1 56. Rd6+ (56. Rd4 Rb3 $17) 56... Kg7 57. Bd7 Bxd7 58.
Rxd7+ Kf6 59. Kg4 (59. Rd4 Rb3 $17) 59... h5+ 60. Kf3 Rb3+ 61. Kg2 Rxb4 62. Rd5
Rb3 63. h4 b4 64. Rb5 Ke6 65. Rg5 Kf6 66. Rb5 Rb1 67. Kf3 b3 68. Kg2 Ke6 69.
Rg5 Rc1 $1 70. Rxg6+ Kf5 71. Rb6 Rc2+ 72. Kf3 Rc3+ 73. Kf2 Kxf4 74. Rb4+ Kf5
75. Ke2 Rh3 76. Kd2 b2 77. Kc2 Rh2+ 78. Kc3 Rf2 79. Kd3 Rg2 80. Kc3 Rh2 81. Kd3
Rxh4 82. Rxb2 Rh3+ 83. Kd4 Ra3 84. Rf2+ Kg4 85. Ke4 Kg3 86. Rf8 h4 87. Rg8+ Kf2
88. Rf8+ Kg2 89. Rg8+ Rg3 90. Ra8 Rf3 91. Rg8+ Kf2 92. Ra8 h3 93. Ra7 Kg2 94.
Rh7 Rg3 0-1

[Event "Groningen op"]
[Site "Groningen"]
[Date "1990.??.??"]
[Round "4"]
[White "Bischoff, Klaus"]
[Black "De Boer, Gert Jan"]
[Result "1/2-1/2"]
[WhiteElo "2530"]
[BlackElo "2400"]
[Annotator "Ribli,Z"]
[PlyCount "31"]
[EventDate "1990.??.??"]
[EventType "swiss"]
[EventRounds "9"]
[EventCountry "NED"]
[SourceTitle "CBM 022"]
[Source "ChessBase"]
[SourceDate "1991.06.01"]
[SourceVersion "1"]
[SourceVersionDate "1991.06.01"]
[SourceQuality "1"]

1. c4 e5 2. g3 Nf6 3. Bg2 d5 4. cxd5 Nxd5 5. Nc3 Nb6 6. Nf3 Nc6 7. O-O Be7 8.
a3 O-O 9. b4 Re8 10. d3 (10. b5 Nd4 11. Nxe5 Bf6 12. f4 Bxe5 13. fxe5 Rxe5 14.
e3 Nxb5 15. Nxb5 Rxb5 16. a4 Rf5 17. a5 $146 {Mestropov-Jakovic Moskva 1990 50/
(29)}) 10... Bf8 11. Bb2 Bg4 $5 (11... a5 12. b5 Nd4 13. Nd2 a4 14. e3 Ne6 15.
Nc4 $13 {Filipowicz,A-Tischbierek,R Warsaw 1990 CBM/17}) 12. h3 Bh5 13. Ne4 a5
14. b5 Nd4 15. Ned2 Nxf3+ 16. Nxf3 1/2-1/2

[Event "POL-ch 62nd"]
[Site "Poznan"]
[Date "2005.04.22"]
[Round "2"]
[White "Moranda, Wojciech"]
[Black "Warakomski, Tomasz"]
[Result "0-1"]
[WhiteElo "2452"]
[BlackElo "2384"]
[Annotator "Ribli,Z"]
[PlyCount "100"]
[EventDate "2005.04.21"]
[EventType "tourn"]
[EventRounds "13"]
[EventCountry "POL"]
[EventCategory "12"]
[SourceTitle "CBM 107"]
[Source "ChessBase"]
[SourceDate "2005.08.01"]
[SourceVersion "1"]
[SourceVersionDate "2005.08.01"]
[SourceQuality "1"]

{[%mdl 32]} 1. c4 e5 2. Nc3 Nf6 3. Nf3 Nc6 4. g3 Bb4 5. Bg2 O-O 6. O-O e4 (6...
Re8) 7. Ng5 (7. Ne1) 7... Bxc3 8. bxc3 {Führt zu scharfem Kombinationsspiel.} (
8. dxc3 Re8 9. Qc2 Qe7 $11) 8... Re8 9. f3 e3 {Dieser Zug wurde erstmalig von
Karpov gegen Kasparov 1987 gespielt (Kasparov,G - Karpov,A Sevilla, 2.
Wettkampfpartie). Die Idee des Bauernopfers ist die Störung der weißen
Entwicklung.} (9... exf3 10. Nxf3 d5) 10. d3 (10. dxe3 b6 (10... d6 $44) 11. e4
h6 12. Nh3 Ba6 $44) 10... d5 11. Qb3 Na5 12. Qa3 c6 13. cxd5 cxd5 14. f4 Bg4 (
14... Nc6 15. Nf3 (15. Rb1) 15... Bd7 (15... Bg4) 16. Rb1 b6 (16... Qc7) 17. c4
Rc8 (17... dxc4 18. dxc4 $13 (18. Ne5 Nd4 $13) (18. Bb2 cxd3 19. Qxd3 $44)) 18.
cxd5 Nxd5 19. Bb2 a5 {[%cal Gc6b4,Gd5b4]} 20. Rfc1 Ncb4 21. Ba1 $1 h6 (21...
Nf6 $5 {[%cal Gb4d5]}) 22. Qb2 $14 {[%csl Ga1,Gb2,Rb4][%cal Ga2a3,Ga3b4,Ra1g7]
1-0 Mamedyarov,S-Papa,S/Lausanne 2004/CBM 104/[Ribli Zoltan] (29)}) 15. Nf3 (
15. Re1) 15... Nc6 (15... Bxf3 $6 16. Bxf3 Qb6 (16... Nc6 $5) 17. Bb2 Ne4 $5 (
17... Rac8 18. Rab1 $16) 18. dxe4 dxe4 19. Bg2 Nc4 20. Qb3 Nxb2 21. Rfb1 $1 $16
Nd3 22. exd3 exd3 23. Qd5 $1 {1-0 Hodgson,J-Masserey,Y/Horgen II 1995/(52)})
16. h3 Bxf3 17. Bxf3 h6 (17... h5 18. Qc5 Rc8 19. Bb2 b6 20. Qb5 Na5 21. Rac1
Rc5 {1/2-1/2 Eriksson,A-Oestroem,R/Hallsta 1996/EXT 99/(21)}) (17... d4 18. c4
$14) (17... Rc8 18. Bb2 d4 19. Rac1 Qd7 20. Kh2 dxc3 21. Bxc3 Nd5 22. Ba1 f6
23. Rc5 {1-0 Djoudi,A-Soares,M/IECG 2002/Telechess CBM 105 (31)}) 18. Rb1 {
Es scheint, dass der Turm aktiv auf der b-Linie steht , aber im folgenden
spielt Weiß Bb2, so dass der Turmzug überflüssig ist.} (18. Bb2 $5 Qd7 19. Kg2
Rac8 20. Rac1) 18... Qd7 $13 {Die Stellung ist asymmetrisch: Weiß hat das
Läuferpaar, Schwarz das Springerpaar, aber die weißen Läufer sind weniger
aktiv. Eine wichtige Frage lautet: ist der Pe3 schwach, oder stark? Im
Endspiel stellt er eine Schwächung dar, aber im Mittelspiel stört er das weiße
Spiel.} 19. Kg2 (19. g4 Rac8 $11) 19... Rac8 20. Bb2 b6 {[%cal Gc6a5] Auf
diese Weise bereitet Schwarz 21...Na5 vor, wonach Weiß kaum c3-c4 ziehen kann.}
21. Rbc1 (21. c4 $1 dxc4 22. Bxf6 (22. dxc4 Na5 (22... Nd4 23. Bxd4 Qxd4 24.
Qxa7 Rxc4 25. Qxb6) 23. Bxf6 Nxc4 24. Qd3 Qxd3 25. exd3 Nd2 26. Be5 Nxb1 27.
Rxb1 Rc2+ $15) 22... gxf6 23. dxc4 Na5 (23... Nd4 24. Qd3 $14) 24. Qd3 Qe7 25.
Bd5 Kg7 $14) 21... Na5 22. c4 $1 {[%mdl 32] Das ist die weiße Hauptstrategie
in dieser Variante. Mit diesem Zug opfert Weiß einen Bauern, aber öffnet die
Diagonalen für seine Läufer.} dxc4 23. Rfd1 {[%csl Gb2,Gf3][%cal Gf3a8,Gb2h8]}
(23. Bxf6 gxf6 24. Rfd1) 23... Qe6 24. Bc3 cxd3 25. Rxd3 $44 Nc4 26. Qxa7 Ne4
27. Qd7 Qg6 (27... Qxd7 28. Rxd7 b5 $11 (28... Ncd2 29. Bxd2 Nxd2 30. Rxc8 Rxc8
31. Rb7 $14) (28... Na3 29. Bb2 Rxc1 30. Bxc1 Nc2 31. Kh2 $14)) 28. Qg4 Qxg4
29. hxg4 b5 30. Bb4 Rc7 31. a4 $4 {[%mdl 8192] Ein unglaublicher Fehler - mit
diesem Zug wollte Weiß die Springerstellung schwächen, aber das ist ein
Trugschluss} (31. Rd5 $36) 31... bxa4 $17 32. Rd4 Ned2 33. Bd5 (33. Bxd2 exd2
34. Rcxc4 Rxc4 35. Rxd2 a3 $19) 33... Rd7 {[%cal Gd7d4]} 34. Bxd2 (34. Rd3 Nb6
35. Bc6 Rxd3 36. exd3 Rc8 $19) 34... Nxd2 35. Rc3 Red8 36. Rcd3 Kf8 {[%csl Rd5]
Mit diesem Zug verteidigt sich Schwarz gegen das Motiv 37.Bxf7+.} 37. Rxa4 (37.
Rxd2 exd2 38. e4 a3 39. Rxd2 Rb8) 37... Rxd5 38. Rxe3 Rd4 39. Rxd4 Rxd4 $19 {
Weiß hat nur einen Bauern für die Figur.} 40. Ra3 g6 41. Ra5 Re4 42. Kf2 Nb3
43. Rd5 Nd4 44. e3 Nc2 45. Rd3 Rc4 46. Rd8+ Ke7 47. Rh8 (47. Rd3) 47... Rc3 48.
Rxh6 Nxe3 49. Rh4 Ke6 50. Ke2 Ng2 0-1

[Event "SUI-ch int"]
[Site "Switzerland"]
[Date "1992.??.??"]
[Round "8"]
[White "Zueger, Beat"]
[Black "Fauland, Alexander"]
[Result "0-1"]
[WhiteElo "2440"]
[BlackElo "2425"]
[Annotator "Ribli,Z"]
[PlyCount "70"]
[EventDate "1992.??.??"]
[EventType "tourn"]
[EventRounds "11"]
[EventCountry "SUI"]
[EventCategory "8"]
[SourceTitle "CBM 031"]
[Source "ChessBase"]
[SourceDate "1992.12.01"]
[SourceVersion "1"]
[SourceVersionDate "1992.12.01"]
[SourceQuality "1"]

1. c4 e5 2. Nc3 Nc6 3. Nf3 Nf6 4. g3 Bb4 5. Nd5 Bc5 6. Bg2 d6 (6... O-O 7. d3
h6 8. a3 a5 9. Bd2 d6 10. b4 axb4 11. axb4 Rxa1 12. Qxa1 Nxd5 13. bxc5 Ndb4 $10
{Korschnoj,V-Karpov,An Tilburg 1991 CBM/26 53/44}) 7. O-O O-O 8. e3 Bg4 $5 (
8... Bb6 $2 9. d4 Re8 10. Nxb6 axb6 11. d5 Ne7 12. Nd2 b5 13. e4 c6 14. b3 $14
{Lautier,J-Epishin,V Terrassa 1991 CBM/24 52/41}) 9. h3 Bxf3 10. Bxf3 Re8 11.
d3 Rb8 12. Bd2 Nxd5 13. Bxd5 Ne7 14. Bg2 c6 15. b4 Bb6 16. a4 d5 17. Qb3 d4 18.
c5 Bc7 19. e4 Ng6 20. h4 Nf8 21. Bh3 Ne6 22. a5 a6 $1 23. f3 (23. Kg2 $5) 23...
Qd7 24. Kg2 Re7 25. f4 exf4 26. gxf4 g6 27. f5 gxf5 28. exf5 Nxc5 $1 (28... Ng7
29. Rf2 $16) 29. bxc5 Re2+ 30. Rf2 Qe7 31. Bg5 $2 (31. Raf1 Rxd2 $1 (31... Qxh4
$2 32. Rxe2 Qg3+ 33. Kh1 Qxh3+ 34. Kg1 Kh8 35. Rg2 $18) (31... Rxf2+ 32. Rxf2
Qxh4 33. Rf3 $18) 32. Rxd2 Qxh4 $44) 31... Qe5 32. Kf1 Rxf2+ 33. Kxf2 Re8 34.
Bg2 Qg3+ 35. Kf1 Re5 0-1

[Event "Belgrade"]
[Site "Belgrade"]
[Date "1993.??.??"]
[Round "1"]
[White "Hodgson, Julian M"]
[Black "Bareev, Evgeny"]
[Result "1/2-1/2"]
[WhiteElo "2625"]
[BlackElo "2660"]
[Annotator "Ribli,Z"]
[PlyCount "70"]
[EventDate "1993.??.??"]
[EventType "tourn"]
[EventRounds "9"]
[EventCountry "YUG"]
[EventCategory "16"]
[SourceTitle "CBM 039"]
[Source "ChessBase"]
[SourceDate "1994.04.01"]
[SourceVersion "1"]
[SourceVersionDate "1994.04.01"]
[SourceQuality "1"]

1. c4 Nf6 2. Nc3 e5 3. Nf3 Nc6 4. g3 d5 5. cxd5 Nxd5 6. Bg2 Nb6 7. O-O Be7 8.
Rb1 g5 9. d3 g4 10. Ne1 h5 11. Nc2 h4 12. b4 hxg3 13. fxg3 (13. hxg3 $5) 13...
Nxb4 $5 14. Nxb4 Qd4+ 15. e3 Qxc3 16. Nd5 Nxd5 (16... Qc5 17. d4 $1 $44) 17.
Bxd5 Be6 (17... Rh7 18. Bxb7 Bxb7 19. Rxb7 $14) 18. Bxe6 (18. Qa4+ $5 c6 (18...
Bd7 19. Bxf7+ Kd8 20. Qe4 $16) 19. Bxe6 fxe6 20. Rxb7 $14 (20. Qxg4 $5)) 18...
fxe6 19. Rxb7 Qc6 20. Qb3 Kd7 $1 $13 21. Qb5 Rhf8 22. Rxf8 Bxf8 23. Qxc6+ Kxc6
24. Rb3 e4 $5 25. Rc3+ Kb5 26. d4 Bd6 27. Ba3 Bxa3 28. Rxa3 Kc4 29. Kf2 a5 30.
Ke1 e5 31. Kd2 Rh8 $1 32. Rc3+ Kb4 33. Rb3+ Kc4 34. Rc3+ Kb4 35. Rb3+ Kc4
1/2-1/2